书目信息 |
| 题名: |
现代测试技术
|
|
| 作者: | 王昌龙 , 戴尔晗 , 王勇 编著 | |
| 分册: | ||
| 出版信息: | 西安 西安电子科技大学出版社 2007.03 |
|
| 页数: | 288页 | |
| 开本: | 26cm | |
| 丛书名: | ||
| 单 册: | ||
| 中图分类: | TB9 | |
| 科图分类: | ||
| 主题词: | 测试技术--ce shi ji shu--高等学校--教材 | |
| 电子资源: | ||
| ISBN: | 978-7-5606-1806-7 | |
| 000 | 00979nam0 2200265 450 | |
| 001 | 012007226141 | |
| 005 | 20071010094836.23 | |
| 010 | @a978-7-5606-1806-7@dCNY23.00 | |
| 100 | @a20070605d2007 km y0chiy0120 ea | |
| 101 | 0 | @achi |
| 102 | @aCN@b610000 | |
| 105 | @aa a 000yy | |
| 200 | 1 | @a现代测试技术@Axian dai ce shi ji shu@f王勇, 王昌龙, 戴尔晗编著@Fwang yong,wang chang long,dai er han bian zhu |
| 210 | @a西安@c西安电子科技大学出版社@d2007.03 | |
| 215 | @a288页@c图@d26cm | |
| 320 | @a有书目 (第288页)。 | |
| 330 | @a本书介绍了测试技术的基本概念、数据处理理论与技术、现代测试仪器与设备、自动测试系统、工业现场总线、网络化测控技术、测试领域的软件技术等内容。 | |
| 333 | @a21世纪高等学校仪器仪表及自动化类专业规划教材 | |
| 606 | 0 | @a测试技术@Ace shi ji shu@x高等学校@j教材 |
| 690 | @aTB9@v4 | |
| 701 | 0 | @a王昌龙@Awang chang long@4编著 |
| 701 | 0 | @a戴尔晗@Adai er han@4编著 |
| 701 | 0 | @a王勇@Awang yong@4编著 |
| 801 | 0 | @aCN@c20071010 |
| 905 | @dTB9@eW442 | |
| 现代测试技术/王勇, 王昌龙, 戴尔晗编著.-西安:西安电子科技大学出版社,2007.03 |
| 288页:图;26cm |
| 使用对象:21世纪高等学校仪器仪表及自动化类专业规划教材 |
| ISBN 978-7-5606-1806-7:CNY23.00 |
| 本书介绍了测试技术的基本概念、数据处理理论与技术、现代测试仪器与设备、自动测试系统、工业现场总线、网络化测控技术、测试领域的软件技术等内容。 |
| ● |
| 相关链接 |
|
|
|
正题名:现代测试技术
索取号:TB9/W442
 
预约/预借
| 序号 | 登录号 | 条形码 | 馆藏地/架位号 | 状态 | 备注 |
| 1 | 243665 | 202436658 | 自科库501/501自科库 20排2列5层/ [索取号:TB9/W442] | 在馆 | |
| 2 | 243666 | 202436667 | 自科库501/501自科库 20排2列5层/ [索取号:TB9/W442] | 在馆 |